| 000 | 00386nam a2200133Ia 4500 | ||
|---|---|---|---|
| 003 | IN-BaIIA | ||
| 008 | 211028s9999 xx 000 0 eng d | ||
| 040 | _cIIA Library | ||
| 080 |
_a523.9 _bCIU |
||
| 110 |
_aCouncil International Des _93097 |
||
| 245 | 0 |
_aRelations entre les phenomenes _cCouncil International Des |
|
| 260 |
_aParis _c1954 |
||
| 942 | _cBK | ||
| 999 |
_c1535 _d1535 |
||